Investitionsrechnung Modelle und Analysen zur Beurteilung von Investitionsvorhaben

Enregistré dans:
Détails bibliographiques
Auteur principal: Götze, Uwe
Autres auteurs: Bloech, Jürgen
Format: Livre
Langue:allemand
Publié: Berlin Springer 1993
Édition:1. Aufl.
Sujets:
Tags: Ajouter un tag
Pas de tags, Soyez le premier à ajouter un tag!

MARC

LEADER 00000nam a2200000 4500
001 c003552
005 20221214084015.5
020 |a 3-540-55817-9 
041 0 |a ger 
044 |a DE 
245 1 0 |a Investitionsrechnung  |b Modelle und Analysen zur Beurteilung von Investitionsvorhaben  |c Uwe Götze, Jürgen Bloech 
250 |a 1. Aufl. 
264 1 |a Berlin  |b Springer  |c 1993 
300 |a 432 s. 
610 2 0 |a investície 
610 2 0 |a modely investícií 
610 2 0 |a zámery investičné 
610 2 0 |a riadenie podnikové 
610 2 0 |a modely rozhodovania 
610 2 0 |a teória rozhodovania 
100 1 |a Götze, Uwe 
700 1 |a Bloech, Jürgen